000 00362nam a2200133Ia 4500
005 20260328101449.0
008 260328s9999||||xx |||||||||||||| ||und||
100 _aWaisman, Marina
245 0 _aDocumentos para una Historia de la Arquitectura Argentina /
_cMarina Waisman
260 _bSumma
300 _a256 p.
650 _aARQUITECTURA REGIONAL
942 _cBK
999 _c8587
_d8587